|
|
|
|
| LEADER |
00000 a a2200000 04500 |
| 001 |
33854 |
| 003 |
cru CIDCACS/IIS |
| 005 |
20170511153717.0 |
| 008 |
170511b xxu||||| |||| 00| 0 spa d |
| 020 |
|
|
|a 970-32-2309-5
|
| 040 |
|
|
|c CIDCACS/IIS
|
| 090 |
|
|
|a HI05.01.01 D892m
|
| 100 |
|
|
|a Dumond, Don E.
|
| 245 |
|
|
|a El Machete y la cruz:
|b la sublevación de campesinos en Yucatán /
|c Don E. Dumond
|
| 260 |
|
|
|a Distrito Federal:
|b UNAM
|
| 300 |
|
|
|a 681 páginas
|b il.
|b map.
|
| 650 |
|
|
|a GUERRA
|
| 650 |
|
|
|a CONFLICTOS SOCIALES
|
| 650 |
|
|
|a MOVIMIENTOS CAMPESINOS
|
| 650 |
|
|
|a POBLACION INDIGENA
|
| 650 |
|
|
|a HISTORIA SOCIAL
|
| 650 |
|
|
|a YUCATAN
|
| 650 |
|
|
|a MEXICO
|
| 700 |
|
|
|a Verano, Luis F.
|a trad.
|
| 942 |
|
|
|2 ddc
|c LI
|
| 999 |
|
|
|c 13707
|d 13707
|